[Event "POL-chT 2nd League-4 2020"]
[Site "Poronin"]
[Date "2020.09.10"]
[Round "6.7"]
[White "Brozyna, Mateusz"]
[Black "Bilczewski, Kacper"]
[Result "1-0"]
[WhiteElo "2300"]
[BlackElo "2101"]
[Annotator "TA"]
[PlyCount "95"]
[EventDate "2020.09.05"]
[EventType "team-tourn"]
[EventCountry "POL"]
[SourceTitle "playchess.com"]
[Source "ChessBase"]
[SourceQuality "1"]

{[%evp 22,95,31,24,29,35,29,22,29,30,37,31,31,31,31,31,26,24,31,31,31,31,35,53,66,58,72,69,70,62,70,77,93,90,79,85,90,61,72,79,115,56,143,111,124,109,110,110,191,213,312,318,310,291,462,415,414,385,432,391,337,215,222,222,1606,1604,1897,1636,1625,1039,29975,29976,29975,29975,29975,29973]} 1. e4 c5 2. Nf3 Nc6 3. d4 cxd4 4. Nxd4 Nf6 5. Nc3 e6 6. Nxc6 bxc6 7. e5 Nd5 8. Ne4 Qc7 9. f4 Qb6 10. c4 Bb4+ 11. Ke2 f5 12. exf6 Nxf6 {B45: Sicilian Four Knights.} 13. Be3 Qd8 14. Nd6+ Bxd6 $1 {The position is equal.} 15. Qxd6 Bb7 16. Rd1 Rc8 {[#]} 17. Bd4 $146 ({Predecessor:} 17. Bxa7 c5 18. Bb6 Qe7 19. Qxe7+ Kxe7 20. a3 d5 21. Ke1 Rhf8 22. Be2 Nd7 23. Ba5 Rxf4 24. cxd5 Bxd5 {0-1 (76) Najer,E (2661)-Dreev,A (2677) Moscow 2019}) 17... c5 18. Bxf6 $1 gxf6 19. Kf2 Qc7 20. Be2 Qxd6 21. Rxd6 Rc6 22. Rd3 Rb6 23. Rhd1 $36 {[%mdl 2048] White is more active.} Bc6 24. R1d2 Rg8 25. Bf3 Bxf3 26. Kxf3 $14 {[%mdl 4096] Endgame KRR-KRR} Rg7 27. f5 e5 28. Rd5 Ra6 29. b3 Rc6 $1 30. g4 {Black is on the road to losing.} Kd8 31. Rg2 ({White should play} 31. g5 $16) 31... d6 (31... h6 $14) 32. Ke4 h5 33. Rdd2 hxg4 {[#]} 34. h3 $1 {[%mdl 512]} Kd7 (34... Ke7 $16) (34... gxh3 35. Rxg7) 35. Rxg4 $18 ({Don't play} 35. hxg4 $6 Rb6 $14) 35... Rxg4+ (35... Re7 $142 36. Rg6 Rf7) 36. hxg4 {KR-KR} Rc8 37. Rh2 $1 Kc6 (37... Rg8 $142) 38. Rh6 Rf8 39. Rg6 a5 40. g5 $1 fxg5 41. Rxg5 Rf7 42. Rg6 Rh7 $2 {[#]} (42... Kd7 43. Kd5 Rxf5) 43. f6 $1 Rh2 {[#]} 44. Kf5 $1 {[%cal Rf5e6]} e4 45. f7 Kd7 46. Rf6 {White mates.} Rf2+ 47. Kg5 Rg2+ 48. Kh4 {Accuracy: White = 77%, Black = 55%.} 1-0

[Event "POL-chT 2nd League-4 2020"]
[Site "Poronin"]
[Date "2020.09.10"]
[Round "6.8"]
[White "Samborski, Henryk"]
[Black "Kudas, Damian"]
[Result "1-0"]
[WhiteElo "2069"]
[BlackElo "2132"]
[Annotator "TA"]
[PlyCount "135"]
[EventDate "2020.09.05"]
[EventType "team-tourn"]
[EventCountry "POL"]
[SourceTitle "playchess.com"]
[Source "ChessBase"]
[SourceQuality "1"]

{[%evp 9,135,0,0,0,0,0,0,0,44,43,43,46,91,93,101,99,115,116,118,118,124,127,138,141,137,118,118,123,122,116,163,160,172,128,132,135,135,135,134,89,89,88,89,91,104,103,107,83,101,75,83,0,71,71,71,69,112,53,56,54,55,56,61,63,69,69,69,6,6,0,0,0,0,0,0,0,6,6,29,8,17,17,17,17,51,50,54,50,51,0,48,55,67,67,101,55,56,55,62,62,67,63,102,103,103,102,175,175,208,170,176,151,147,166,284,227,4959,4952,4952,4952,29961,29953,29984,29982,29982,29982,29992,29993]} 1. Nf3 d5 2. c4 c6 3. g3 Nf6 4. Bg2 Bf5 5. cxd5 cxd5 6. d3 {A11: English Opening: 1...c6.} Nc6 7. O-O h6 8. Qb3 {The position is equal.} Qb6 9. Qxb6 axb6 {[#]} 10. Be3 $146 ({Predecessor:} 10. Nc3 e6 11. Nb5 Kd7 12. Bf4 Be7 13. Ne5+ Nxe5 14. Bxe5 Rhc8 15. e4 Bg6 16. Nc3 dxe4 17. dxe4 Ke8 18. Rfd1 Bh5 19. Rd2 Rd8 20. Rc2 Rac8 21. h3 Bd1 22. Rcc1 Bh5 23. Nb5 Rc5 24. Rxc5 bxc5 25. g4 Bg6 26. Re1 {1-0 (26) Verhalle,E (1983)-Goormachtigh,J (2164) Roux 2019}) 10... b5 11. Nd4 Nxd4 12. Bxd4 b4 13. Bxf6 exf6 14. Bxd5 Bd6 15. Nd2 Ra7 16. Nc4 Be7 17. Ne3 Be6 18. Rfc1 Kd7 19. Bb3 Rha8 {Hoping for ...Bxb3.} 20. Nd5 {And now Nb6+ would win.} Bd8 21. Rab1 Ra5 22. e4 f5 23. Rc2 Rc8 {and if ...Rxc2 works, Black does fine.} 24. Rbc1 Rxc2 25. Rxc2 Bxd5 26. Bxd5 $16 {[%mdl 4096] Endgame KRB-KRB} f6 27. Kg2 b6 28. Kf3 Bc7 29. Rc4 Bd6 30. Rc2 ({White should play} 30. d4 $16) 30... fxe4+ (30... Bc7 $1 $11 {remains equal.}) 31. dxe4 Rc5 32. Rd2 Ke7 33. Ke3 (33. Kg4 $16) 33... Rc1 $14 34. f4 g5 35. fxg5 hxg5 36. Kf3 Be5 37. Kg4 Rb1 38. Kf5 (38. b3 $14) 38... Bxb2 $11 39. h4 gxh4 40. gxh4 Rf1+ 41. Kg6 Rg1+ $1 42. Kh5 Be5 43. Rc2 Rh1 44. Rg2 Rh3 45. Rg4 Bc3 46. Kg6 Kd6 47. Bb3 Ke5 48. h5 {aiming for h6.} Bd2 49. Bf7 (49. Rg2 $14 Bf4 50. Ba4) 49... Be3 50. Rg2 Kxe4 51. Kxf6 Kd4 52. Rc2 Rf3+ 53. Kg7 Rg3+ 54. Bg6 Rh3 55. Re2 Bg5 56. Re4+ Kc3 57. Bf7 Bd2 {[#]} (57... b3 $16 {was worth a try.}) 58. Re6 $1 $18 Kd4 59. h6 ({Much less strong is} 59. Rxb6 $6 Bc3 $16) 59... Kc5 60. h7 {Re5+ is the strong threat.} Bc3+ {[#]} 61. Kg8 $1 Rh2 (61... Ba1 {keeps fighting.} 62. Re2 Rg3+ 63. Kf8 Rh3) 62. Be8 Rxa2 $2 (62... Ba1 63. Rc6+ Kd5) 63. Rc6+ Kd5 {[#]} 64. Rxc3 $1 {[%mdl 576] White threatens Rh3 and mate. Promotion} bxc3 65. h8=Q {White mates.} c2 66. Qc3 Ra8 67. Kf8 Rc8 68. Qxc8 {Accuracy: White = 79%, Black = 64%.} 1-0

[Event "POL-chT 2nd League-4 2020"]
[Site "Poronin"]
[Date "2020.09.10"]
[Round "6.9"]
[White "Lach, Piotr"]
[Black "Lamza, Zenon"]
[Result "1/2-1/2"]
[WhiteElo "2079"]
[BlackElo "2220"]
[Annotator "TA"]
[PlyCount "27"]
[EventDate "2020.09.05"]
[EventType "team-tourn"]
[EventCountry "POL"]
[SourceTitle "playchess.com"]
[Source "ChessBase"]
[SourceQuality "1"]

{[%evp 9,27,43,65,13,36,35,78,72,91,67,91,70,77,-21,14,15,48,56,43,30]} 1. d4 Nf6 2. Nc3 g6 3. Bf4 d6 4. e4 Bg7 5. Qd2 c6 6. f3 {B07: Pirc Defence: Miscellaneous Systems.} (6. Bh6 $14 O-O 7. Bxg7 Kxg7 8. Be2) 6... Qa5 7. Nge2 e5 8. Bh6 {White is better.} O-O {[#]} 9. Bxg7 $146 ({Predecessor:} 9. O-O-O b5 10. a3 Nbd7 11. Bxg7 Kxg7 12. Ng3 Nb6 13. d5 b4 14. axb4 Qa1+ 15. Nb1 cxd5 16. exd5 {0-1 (25) Belikov,A (2202)-Lutsky,Y (2085) Samara 2009}) 9... Kxg7 10. h4 h5 {[#]} 11. Nc1 (11. O-O-O $1 $16) 11... exd4 12. Qxd4 Qe5 13. Qxe5 dxe5 14. Nd3 {Accuracy: White = 63%, Black = 56%.} 1/2-1/2

[Event "POL-chT 2nd League-4 2020"]
[Site "Poronin"]
[Date "2020.09.10"]
[Round "6.10"]
[White "Radecki, Adam"]
[Black "Watorek, Marcin"]
[Result "1/2-1/2"]
[WhiteElo "2002"]
[BlackElo "2100"]
[Annotator "TA"]
[PlyCount "184"]
[EventDate "2020.09.05"]
[EventType "team-tourn"]
[EventCountry "POL"]
[SourceTitle "playchess.com"]
[Source "ChessBase"]
[SourceQuality "1"]

{[%evp 23,183,-18,0,0,0,-8,0,-16,0,4,28,0,0,0,22,-21,36,0,0,4,30,13,145,139,115,87,160,158,186,173,169,169,160,97,169,162,196,120,234,-84,0,0,0,0,0,0,0,0,0,0,0,0,0,0,0,-17,-1,-4,-2,-8,-7,-10,-12,-160,-162,-154,-159,-165,-165,-168,-112,-113,-103,-119,-96,-134,-134,-134,-135,-115,-71,-70,-70,-78,-117,-12832,-12832,-12833,-12833,-12833,-12833,-12833,-12824,-12832,-903,-12833,-12834,-12835,-12835,-12835,-12835,-12836,-12836,-12836,0,0,0,-12836,-12836,-12836,-12837,-12841,-12837,-12839,-12839,-12840,-12839,-12839,-12839,-12840,-15,-15,-15,-15,-15,-15,-15,-15,-15,-15,-15,-12845,-15,-15,0,0,0,0,0,0,0,0,0,0,0,0,0,0,0,0,0,0,0,0,0,0,0,0,0,0,0,0]} 1. e4 c5 2. d3 e6 3. g3 d5 4. Nd2 Nc6 5. Bg2 Nf6 6. Ngf3 Be7 7. O-O b6 8. Re1 Bb7 9. c3 Qc7 10. Nf1 dxe4 11. dxe4 Rd8 12. Qc2 O-O 13. Bf4 {C00: French: Unusual White 2nd moves.} Qc8 14. e5 Nd5 15. Bg5 (15. Ng5 {seems wilder.} Bxg5 16. Bxg5 Rd7 17. Rad1 h6 18. Bc1) 15... h6 16. Bxe7 {[#]} Ncxe7 $146 ({Predecessor:} 16... Ndxe7 17. N3d2 Nf5 18. Ne3 Nxe3 19. Rxe3 Ne7 20. Bxb7 Qxb7 21. Qe4 Qd5 22. Nc4 Nf5 {½-½ (42) Poniaev,R-Panteleev,A (2149) Orsk 2002}) 17. N1d2 Qa8 18. Nh4 Rd7 (18... g5 $5 19. Nhf3 $8 Ng6 $11) 19. Nc4 Bc6 (19... g5 $11 20. Nf3 Nf5) 20. Bh3 Rfd8 21. f4 b5 22. Nd6 Rxd6 (22... Nc7 $11 {remains equal.}) 23. exd6 $16 Rxd6 24. Rad1 c4 (24... Qd8 $142) 25. f5 {[%cal Rf5e6]} Nxf5 26. Bxf5 exf5 27. Nxf5 Re6 28. Qb1 (28. Qf2 $142) 28... Qb7 (28... Qd8 $16) 29. Rxe6 $18 fxe6 {[#]} 30. Nd4 ({Better is} 30. Nxh6+ $1 $18 {[%mdl 512]} gxh6 31. Qg6+ {[%mdl 64] Double Attack} Kh8 32. Qxh6+ Qh7 33. Qxe6 {[%mdl 64] Double Attack}) 30... Ne3 (30... Nf6 $16) 31. Nxe6 $2 (31. Re1 $18 Bh1 32. Re2) 31... Nxd1 (31... Qe7 $1 $17 32. Rd8+ Kf7 33. Rf8+ Kxe6 34. Qg6+ Kd5) 32. Qxd1 $11 Bd5 33. Nf4 Be4 34. Qd8+ Kh7 35. Qd4 Qe7 36. Qe3 a6 37. a3 Qe5 38. Nh3 {Threatens to win with Nf2.} Qf5 {White must now prevent ...Ba8.} 39. Qf4 Qd5 40. Nf2 Bd3 41. Qe3 Bg6 42. Qf4 Qe6 $36 {[%mdl 2048] next ...Qe1+ is good for Black. Black has some pressure.} 43. h4 (43. Kf1 $11) 43... Qe1+ $17 44. Kg2 Qe2 45. g4 Qxb2 46. h5 Bd3 (46... Bb1 $1 $19 47. Qe3 Qxa3) 47. Qe5 Qd2 48. Kf3 Bc2 49. Kg3 a5 50. Nh3 Qd3+ $1 51. Kh4 b4 52. g5 {Hoping for g6+.} Qe4+ 53. Qxe4+ Bxe4 $15 {[%mdl 4096] Endgame KB-KN} 54. g6+ $2 {[%mdl 8192]} (54. cxb4 $17 c3 55. Nf4) 54... Kg8 $19 55. cxb4 axb4 56. axb4 c3 57. Nf4 Bf3 58. Nd3 c2 (58... Kf8 $142 59. Nc1 Ke7) 59. b5 Kf8 60. b6 Ke7 61. Kg3 Bd5 62. Kf2 Kd6 63. Ke3 {[#]} Bb3 $2 (63... Bc4 $1 $19 {[%cal Rc4d3]} 64. Nc1 Kc6) 64. Kd2 Kc6 65. Nc1 $2 {[%mdl 8192] [#]} (65. b7 $11 Kc7 66. Nc5) 65... Ba4 $1 66. Ne2 Kxb6 67. Ng3 Bd7 68. Kxc2 Kc5 69. Kd3 Kd5 70. Ke3 Ke5 71. Kf3 Ba4 $2 (71... Bc8 $19 72. Ne2 Kf5) 72. Kg4 $1 $11 Bd1+ 73. Kh4 Kf4 74. Nf1 Be2 75. Nd2 Bb5 76. Nb3 Ke5 77. Nc1 $2 {[%mdl 8192]} (77. Nd2 $11) 77... Kf6 $2 (77... Bc4 $19 {And now ...Kf4 would win.} 78. Kg3 Ke4) 78. Kg4 {The position is equal.} Bd7+ 79. Kf4 Bf5 80. Ne2 Bxg6 81. hxg6 Kxg6 {KN-KPP} 82. Ng3 Kf6 83. Nh5+ Kg6 84. Nxg7 (84. Kg4 {keeps more tension.}) 84... Kxg7 {KP-K} 85. Kg4 Kg6 86. Kh4 h5 87. Kg3 Kg5 88. Kh3 h4 89. Kg2 Kg4 90. Kh2 h3 91. Kg1 Kg3 92. Kh1 h2 {Both players deserved the win here. Accuracy: White = 71%, Black = 58%.} 1/2-1/2

[Event "POL-chT 2nd League-4 2020"]
[Site "Poronin"]
[Date "2020.09.10"]
[Round "6.11"]
[White "Gluszko, Monika"]
[Black "Panek, Bartosz"]
[Result "0-1"]
[WhiteElo "1939"]
[BlackElo "1979"]
[Annotator "TA"]
[PlyCount "78"]
[EventDate "2020.09.05"]
[EventType "team-tourn"]
[EventCountry "POL"]
[SourceTitle "playchess.com"]
[Source "ChessBase"]
[SourceQuality "1"]

{[%evp 10,78,-9,-12,9,-26,29,25,50,41,52,17,14,10,20,-31,0,0,0,-54,-50,-145,-115,-116,-123,-149,-140,-199,-194,-193,-212,-266,-259,-256,-270,-253,-248,-318,-317,-317,-314,-316,-317,-313,-291,-297,-285,-377,-271,-376,-376,-376,-376,-367,-375,-453,-433,-558,-581,-739,-786,-1165,-767,-713,-694,-704,-698,-656,-687,-572,-550]} 1. e4 c5 2. Nf3 e6 3. b3 d5 4. exd5 exd5 5. d4 Nc6 6. Bb2 Bg4 {B40: Sicilian: 2...e6, Unusual lines.} 7. dxc5 Qe7+ (7... Nf6 $142) 8. Qe2 $11 Bxf3 {White has an edge.} 9. gxf3 {[#]} O-O-O $146 ({Predecessor:} 9... d4 10. Nd2 Qxe2+ 11. Bxe2 Bxc5 12. Rg1 Nge7 13. O-O-O O-O 14. Ne4 Bb6 15. Nf6+ Kh8 {1-0 (80) Simacek,P (2438)-Kowalczyk,P (2292) Orlova 2015}) 10. Bh3+ Kb8 {aiming for ...Qh4.} 11. Qxe7 Ngxe7 12. b4 (12. Nc3 $11) 12... Ng6 {[%mdl 1024] Black has compensation.} 13. a3 $1 a5 14. b5 (14. O-O $11) 14... Nce5 $15 15. f4 {White is on the road to losing.} ({White should try} 15. c6 $1 $15) 15... Nc4 $17 16. Bd4 Nxf4 17. Bf1 Ne6 $36 {[%mdl 2048] Black is on the roll.} 18. Bxc4 (18. Bc3 $17 {was called for.}) 18... Nxd4 $19 ({Don't take} 18... dxc4 19. Be5+ Ka7 20. c6 $17) 19. Bd3 Bxc5 20. O-O Rhe8 21. Nd2 Ne2+ 22. Kh1 Nf4 23. Nb3 Bb6 24. a4 Nxd3 25. cxd3 Re2 26. d4 Rc8 27. Kg2 Rc4 28. Rfe1 Rb2 29. Nc5 Rxd4 30. Nd7+ Ka7 31. Nxb6 Kxb6 {[%mdl 4096] Endgame KRR-KRR} 32. Re7 Rf4 {Black is clearly winning.} 33. Rc1 Rfxf2+ 34. Kg1 Rg2+ 35. Kf1 Rxh2 {[%cal Rh2h1] [#]} 36. Kg1 Rbg2+ 37. Kf1 Rc2 38. Rxc2 Rxc2 39. Rxf7 Rc7 {Accuracy: White = 35%, Black = 77%.} 0-1

[Event "POL-chT 2nd League-4 2020"]
[Site "Poronin"]
[Date "2020.09.10"]
[Round "6.12"]
[White "Stebel, Agata"]
[Black "Leszczynska, Malgorzata"]
[Result "1-0"]
[WhiteElo "1871"]
[BlackElo "1990"]
[Annotator "TA"]
[PlyCount "73"]
[EventDate "2020.09.05"]
[EventType "team-tourn"]
[EventCountry "POL"]
[SourceTitle "playchess.com"]
[Source "ChessBase"]
[SourceQuality "1"]

{[%evp 12,73,41,32,52,54,57,49,64,60,88,80,85,73,87,60,98,89,143,105,139,60,74,74,81,-29,245,241,269,145,474,477,825,608,610,612,668,656,653,659,620,381,864,565,692,704,696,692,666,613,1118,970,1471,1406,1555,1626,1856,1617,29972,29973,29973,29974,6114,5793]} 1. d4 g6 2. c4 Bg7 3. Nc3 d6 4. e4 Nd7 5. Be2 e5 6. d5 Ne7 7. g4 a5 {A42: Modern Defence: Averbakh Variation.} 8. h4 h6 9. Be3 b6 {White is slightly better.} 10. Qd2 Nc5 11. Nh3 Bd7 12. O-O-O {[#]} Ng8 $146 ({Predecessor:} 12... Qc8 13. f3 h5 14. Nf2 Qb7 15. Rdg1 O-O-O 16. gxh5 Rxh5 17. f4 exf4 18. Bxc5 f3 19. Bxf3 bxc5 20. Bxh5 {1-0 (36) Ulms,S (2137)-Kuersten,R (1144) Leipzig 2001}) 13. f3 a4 14. Nf2 Qc8 (14... h5 $142) 15. Nd3 Nf6 16. g5 (16. h5 $16) 16... hxg5 17. hxg5 Nh5 18. f4 ({White should try} 18. Nb5 $16) 18... Nb3+ $2 {[%mdl 8192] [#]} (18... Nxd3+ $11 19. Qxd3 Nxf4 20. Rxh8+ Bxh8) 19. axb3 $18 axb3 20. f5 (20. Qe1 $18) 20... Bxf5 $2 {[%mdl 8192] This move loses the game for Black.} (20... Ra1+ $16 {is a better chance.} 21. Nb1 Ng3) 21. exf5 gxf5 (21... Ra1+ $142 22. Nb1 Qxf5) 22. Nb4 Ra1+ 23. Nb1 Ng3 24. Rxh8+ Bxh8 25. Bd3 f4 26. Bf2 Nf5 $2 (26... Qg4 27. Rg1 f5 28. gxf6 Bxf6) 27. Qc3 Ne3 28. Bxe3 fxe3 29. Rh1 Bg7 30. Qe1 {[#] Black must now prevent Rh7.} b5 31. Rh4 c5 32. dxc6 bxc4 33. Rxc4 Ra4 34. Qxe3 d5 35. Nxd5 Rxc4+ 36. Bxc4 Qxc6 37. Qxb3 {Accuracy: White = 50%, Black = 29%.} 1-0

[Event "POL-chT 2nd League-4 2020"]
[Site "Poronin"]
[Date "2020.09.10"]
[Round "6.13"]
[White "Polok, Kacper"]
[Black "Kaminski, Piotr"]
[Result "1/2-1/2"]
[WhiteElo "2288"]
[BlackElo "2099"]
[Annotator "TA"]
[PlyCount "86"]
[EventDate "2020.09.05"]
[EventType "team-tourn"]
[EventCountry "POL"]
[SourceTitle "playchess.com"]
[Source "ChessBase"]
[SourceQuality "1"]

{[%evp 10,86,45,45,66,77,85,66,73,43,52,47,60,43,60,27,61,54,103,66,102,100,106,78,120,98,98,98,102,96,95,101,125,126,129,114,161,139,129,91,114,114,116,92,153,153,153,153,162,112,165,99,99,100,100,100,100,100,100,100,100,100,393,343,307,0,0,0,0,0,0,0,0,0,0,0,0,0,727]} 1. e4 c6 2. Nc3 d5 3. Nf3 dxe4 4. Nxe4 Bg4 5. h3 Bxf3 6. Qxf3 Nf6 {B11: Caro-Kann: Two Knights Variation.} 7. Nxf6+ exf6 8. Be2 Bd6 {White is slightly better.} 9. O-O O-O 10. d4 {[#]} Re8 $146 ({Predecessor:} 10... Qc7 11. Be3 Nd7 12. c4 c5 13. dxc5 Bxc5 14. Bxc5 Nxc5 15. b4 Nd7 16. Rfc1 Rfe8 {½-½ (55) Churm,R (2145)-Latham,D (2094) England 2016}) 11. Be3 Nd7 12. c4 Nf8 13. c5 Bb8 14. Rfd1 Qc7 {( -> ...Qh2+)} 15. g3 $36 {[%mdl 2048] White is in control.} Ng6 16. b4 a6 17. a4 {[%cal Ba2a4,Ba4b5,Bb5b6][%mdl 32]} Qd7 18. Kg2 Ne7 19. Bc4 Rd8 20. Rab1 Bc7 21. b5 axb5 22. axb5 Ra3 23. b6 Bb8 24. Ra1 Rxa1 25. Rxa1 h6 26. Qh5 Nd5 {[#]} (26... Rf8 $142) 27. Bxd5 $1 $16 cxd5 28. Bd2 Re8 29. Ra8 Kf8 (29... f5 $16 {was worth a try.} 30. Qf3 g5) 30. Bb4 (30. Qf3 $18) 30... Kg8 31. Qf3 f5 32. Bd2 g5 33. h4 {Hoping for Qh5.} f6 34. Qh5 Kg7 35. Ra1 {[%cal Rh4g5]} f4 $2 {[%mdl 8192]} (35... Qe6 $16) 36. Rh1 ({Less strong is} 36. hxg5 f3+ 37. Qxf3 fxg5 $18) 36... g4 {[#] next ...Re2 is good for Black.} 37. gxf4 $2 (37. c6 $1 $18 {[%cal Rc6d7]} bxc6 38. Ra1 (38. gxf4 f5 $11)) 37... f5 $11 {aiming for ...Re2.The position is equal.} 38. Be3 $2 {[%mdl 8192]} (38. Ra1 $11) 38... Qe6 $18 39. Re1 Qe4+ 40. Kg1 Bxf4 {[#] ...g3 is the strong threat.} 41. Bd2 $1 {[%mdl 512]} Qf3 $1 (41... Bxd2 42. Rxe4) 42. Rxe8 {White threatens Re7+ and mate.} Bh2+ $1 43. Kf1 {Intending Re7+ and mate.} Qh1+ {[%mdl 32768] Accuracy: White = 81%, Black = 71%. . An unexpected result.} 1/2-1/2

[Event "POL-chT 2nd League-4 2020"]
[Site "Poronin"]
[Date "2020.09.10"]
[Round "6.14"]
[White "Szmyd, Arkadiusz"]
[Black "Wieczorek, Zbigniew"]
[Result "1/2-1/2"]
[WhiteElo "2104"]
[BlackElo "2208"]
[Annotator "TA"]
[PlyCount "77"]
[EventDate "2020.09.05"]
[EventType "team-tourn"]
[EventCountry "POL"]
[SourceTitle "playchess.com"]
[Source "ChessBase"]
[SourceQuality "1"]

{[%evp 9,77,43,33,8,13,12,13,13,13,13,13,11,15,8,18,21,29,29,29,29,29,31,34,42,66,55,64,28,54,52,80,42,89,44,42,0,0,-46,-29,-67,-47,-48,0,0,0,-7,-7,-2,-1,-7,-10,-7,0,-35,0,0,3,0,0,0,0,0,0,0,0,0,0,0,0,0]} 1. e4 g6 2. d4 Bg7 3. h4 h5 4. Nf3 d6 {[#]} 5. c4 $146 ({Predecessor:} 5. Ng5 Nf6 6. Nc3 Nc6 7. Bb5 Bd7 8. O-O Ng4 9. d5 Nce5 10. f3 Nf6 11. Bxd7+ Qxd7 12. Bf4 {1-0 (38) Jobava,B (2603)-Starozhilov,L (2318) chess.com INT 2020}) 5... Bg4 6. Be2 {B06: Modern Defence.} Nc6 7. Be3 e5 {next ...Bxf3 is good for Black.} 8. d5 Bxf3 $1 9. Bxf3 Nd4 10. Nc3 c5 11. dxc6 bxc6 12. g3 Ne7 13. Bg2 Rb8 14. b3 Qa5 15. Rc1 O-O 16. O-O f5 17. c5 dxc5 18. Na4 Rbd8 19. Rxc5 Qa6 20. Bxd4 {aiming for Qe1.} (20. Rc4 {feels hotter.} fxe4 21. Bxd4 Nf5 22. Nc5 Qc8 23. Qc1) 20... Rxd4 21. Qc2 f4 22. Rc4 Rxc4 23. bxc4 Qa5 24. Rd1 fxg3 25. fxg3 Bh6 26. Qb3 Kh8 27. Bf3 c5 28. Bg2 Nc6 {[#] White must now prevent ...Nd4.} 29. Qb5 Be3+ 30. Kh1 $132 {[%mdl 2048] White is not holding back} Qxb5 31. cxb5 Nd4 {...c4 is the strong threat.} 32. Nxc5 {The position is equal.} Nxb5 33. Ne6 Re8 34. Rd3 Rxe6 35. Rxe3 Rc6 36. Rb3 a6 37. Kh2 Rc2 38. a4 Nd4 39. Rb6 {Accuracy: White = 79%, Black = 81%.} 1/2-1/2

[Event "POL-chT 2nd League-4 2020"]
[Site "Poronin"]
[Date "2020.09.10"]
[Round "6.15"]
[White "Jaworski, Miroslaw"]
[Black "Zawierucha, Aleksander"]
[Result "1-0"]
[WhiteElo "2196"]
[BlackElo "1899"]
[Annotator "TA"]
[PlyCount "71"]
[EventDate "2020.09.05"]
[EventType "team-tourn"]
[EventCountry "POL"]
[SourceTitle "playchess.com"]
[Source "ChessBase"]
[SourceQuality "1"]

{[%evp 24,71,54,41,48,29,62,61,85,48,60,52,93,77,161,161,187,39,51,45,52,48,48,68,134,135,204,196,358,356,351,338,327,243,243,241,243,246,275,248,269,241,267,258,244,253,421,434,476,409]} 1. d4 Nf6 2. c4 e5 3. dxe5 Ng4 4. Bf4 Nc6 5. Nf3 Bb4+ 6. Nc3 Qe7 7. Qd5 Bxc3+ 8. bxc3 f6 9. exf6 Nxf6 10. Qd3 d6 11. g3 O-O 12. Bg2 Ne4 13. O-O Nc5 {A52: Budapest Gambit.} 14. Qd1 Be6 15. Nd4 Bd7 {[#] White is slightly better.} 16. Re1 $146 ({Predecessor:} 16. Qd2 Kh8 17. Nb3 Ne6 18. Be3 Ne5 19. Na5 Bc6 20. Nxc6 bxc6 21. Qc1 Nd8 22. c5 {1-0 (39) Yaylali,A (1935)-Uysal,U (1736) Konya 2017}) 16... Kh8 17. Rb1 Rab8 18. Nb5 Bf5 {[#]} (18... g5 $16 {might work better.} 19. Be3 Bf5) 19. e4 $1 $18 {[%cal Re4f5][%mdl 512]} Be6 {[#]} (19... Nxe4 20. Bxe4) 20. e5 (20. Nxc7 $1 $18 {[%mdl 512]} Ne5 (20... Qxc7 21. Bxd6) 21. Bxe5 dxe5 22. Nd5 (22. Nxe6 Qxe6 23. Qe2 Rbd8 $16)) 20... Nxe5 $14 21. Bxe5 dxe5 22. Rxe5 {aiming for Qe2.} Qf6 $1 {[%cal Rf6e5]} 23. Qd4 $36 {[%mdl 2048] Black is under pressure.} Nd7 ({Black should play} 23... b6 $14) 24. Ree1 $16 c6 (24... Qxd4 $16 {was called for.} 25. cxd4 Bxc4 26. Nxa7 (26. Nxc7 Nf6 $16) 26... c6) 25. Nd6 $18 ({But not} 25. Nxa7 $6 Qf7 $14) 25... Nb6 $2 (25... b6 {was worth a try.} 26. Bxc6 Nc5) 26. c5 Nd5 27. Qxf6 ({Don't take} 27. Rxb7 Rxb7 28. Nxb7 Bg8 $18) 27... Rxf6 28. Ne4 Rff8 29. c4 Nc7 30. Nd6 Bg8 31. Re7 Ne6 32. Rexb7 Rxb7 33. Rxb7 Nxc5 34. Rxa7 Nd3 $2 (34... Rd8 {is a better defense.}) 35. Bxc6 Nxf2 36. Ra8 {Accuracy: White = 75%, Black = 35%.} 1-0

[Event "POL-chT 2nd League-4 2020"]
[Site "Poronin"]
[Date "2020.09.10"]
[Round "6.16"]
[White "Ociepka, Tomasz"]
[Black "Helis, Tadeusz"]
[Result "1/2-1/2"]
[WhiteElo "1888"]
[BlackElo "2157"]
[Annotator "TA"]
[PlyCount "86"]
[EventDate "2020.09.05"]
[EventType "team-tourn"]
[EventCountry "POL"]
[SourceTitle "playchess.com"]
[Source "ChessBase"]
[SourceQuality "1"]

{[%evp 15,86,41,33,30,38,21,32,25,35,25,27,25,28,29,25,16,18,17,18,20,27,3,16,10,34,0,0,-1,0,0,0,-4,0,0,0,-12,0,0,0,0,0,0,103,0,0,0,0,0,0,0,0,0,0,0,0,0,0,0,0,0,0,0,0,0,0,0,0,0,0,0,0,0,0]} 1. e4 c5 2. Nf3 e6 3. d4 cxd4 4. Nxd4 a6 5. Bd3 Nc6 6. Nxc6 dxc6 7. Nd2 e5 8. O-O Bc5 9. Nc4 {B42: Sicilian: Kan Variation: 5 Bd3.} Qe7 10. Be3 Nf6 11. Qe2 {White is slightly better.} O-O {[#]} 12. Bxc5 $146 ({Predecessor:} 12. Kh1 Bg4 13. f3 Bh5 14. Qf2 Nd7 15. Rad1 Rad8 16. Rd2 Bxe3 17. Nxe3 Qc5 18. Rfd1 {½-½ (31) Omonova,U (1987)-Mishuchkov,N (2292) Tashkent 2019}) 12... Qxc5 13. Qe3 Qxe3 14. Nxe3 Be6 15. Rfd1 Rfd8 16. f3 Kf8 17. Bc4 Ke7 18. Kf2 g6 19. Bxe6 Kxe6 20. Rxd8 Rxd8 21. Rd1 Rxd1 22. Nxd1 $11 {[%mdl 4096] Endgame KN-KN} Nd7 23. Ke2 f5 24. Nf2 Kd6 25. Nd3 c5 26. c4 b5 27. b3 bxc4 28. bxc4 Nb8 (28... fxe4 $11 {remains equal.} 29. fxe4 a5) 29. Nc1 (29. exf5 $16 gxf5 30. g4) 29... Nc6 {The position is equal.} 30. Kd3 f4 31. Kd2 Nd4 32. Nd3 g5 33. h3 h5 34. Nf2 Nc6 35. Nd3 Nb4 36. Nc1 Kc7 37. Kc3 Nc6 38. Nd3 Kd6 39. Kd2 Nd8 40. Kc3 Ne6 41. Kd2 Nf8 42. Ke2 Nd7 43. Kd2 Nb8 {Accuracy: White = 93%, Black = 97%.} 1/2-1/2